| 000 | 00812nam a2200205 i 4500 | ||
|---|---|---|---|
| 001 | 84550 | ||
| 003 | ES-MaACL | ||
| 005 | 20250531063029.0 | ||
| 007 | t| | ||
| 008 | 041123s1954 zzz ||||1| spa d | ||
| 100 | 1 |
_aJiménez de Gregorio, Fernando, _d1911-2012 _966505 |
|
| 245 | 1 | 0 |
_aFortalezas musulmanas de la línea del Tajo / _cFernando Giménez de Gregorio. |
| 260 |
_a[S.l. : _bs.n., _c1954] |
||
| 300 |
_a6 h., 3 lám. ; _c22 cm. |
||
| 500 | _aPrecede al tít.: Consejo Superior de Investigaciones Científicas. Instituto Miguel Asin. | ||
| 500 | _aEs separata de: Al-Andalus. Revista de la Escuela de Estudios Arabes de Madrid y Granada. Vol. XIX-1954-Fasc. Pag. 409-20. | ||
| 710 | 2 |
_aInstituto "Miguel Asín" _95132 |
|
| 852 |
_aES-MaACL _j1982-F-14 _bR.37200 |
||
| 999 |
_c84550 _d84550 |
||